000 00664nam a2200241Ia 4500
003 OSt
005 20221007072520.0
006 a|||||r|||| 00| 0
007 ta
008 221006b |||||||| |||| 00| 0 eng d
024 _a2,767
037 _cTextual
040 _aFLL
_cFLL
_beng
041 _2eng
_aeng
082 _aZ3:2674, K8
100 _aClarke A.D.R. Au.
_9690837
245 0 _aCopyright in industrial designs
250 _a4th
260 _aLondon
_bSweet & maxwell Limited U.K.
_c1968
650 _aCopyright in industrial designs
_9687963
942 _hZ3:2674, K8
_cTEXL
_2CC
999 _c1146293
_d1146293